Vainqueurs du Grand Prix d'Allemagne de Formule 1 - Statistiques

Statistiques générales
  • Ce quiz a été pris 501 fois
    462 depuis la dernière actualisation
  • Le résultat moyen est 48 sur 64
Statistiques - réponses
Année Circuit Vainqueur Ecurie % Correct
2008 Hockenheim Lewis Hamilton McLaren-Mercedes
100%
2011 Nürburgring Lewis Hamilton McLaren-Mercedes
100%
2016 Hockenheim Lewis Hamilton Mercedes
100%
2018 Hockenheim Lewis Hamilton Mercedes
100%
1995 Hockenheim Michael Schumacher Benetton-Renault
99%
2002 Hockenheim Michael Schumacher Ferrari
99%
2004 Hockenheim Michael Schumacher Ferrari
99%
2006 Hockenheim Michael Schumacher Ferrari
99%
2001 Hockenheim Ralf Schumacher Williams-BMW
99%
2005 Hockenheim Fernando Alonso Renault
98%
2010 Hockenheim Fernando Alonso Ferrari
98%
2012 Hockenheim Fernando Alonso Ferrari
98%
2013 Nürburgring Sebastian Vettel Red Bull-Renault
98%
1984 Hockenheim Alain Prost McLaren-TAG Porsche
97%
1993 Hockenheim Alain Prost Williams-Renault
97%
1988 Hockenheim Ayrton Senna McLaren-Honda
97%
1989 Hockenheim Ayrton Senna McLaren-Honda
97%
1990 Hockenheim Ayrton Senna McLaren-Honda
97%
2019 Hockenheim Max Verstappen Red Bull-Honda
97%
2014 Hockenheim Nico Rosberg Mercedes
97%
1954 Nürburgring Juan Manuel Fangio Mercedes
91%
1956 Nürburgring Juan Manuel Fangio Ferrari
91%
1957 Nürburgring Juan Manuel Fangio Maserati
91%
1977 Hockenheim Niki Lauda Ferrari
91%
1996 Hockenheim Damon Hill Williams-Renault
88%
1962 Nürburgring Graham Hill BRM
88%
2009 Nürburgring Mark Webber Red Bull-Renault
88%
1998 Hockenheim Mika Häkkinen McLaren-Mercedes
86%
1951 Nürburgring Alberto Ascari Ferrari
82%
1952 Nürburgring Alberto Ascari Ferrari
82%
1991 Hockenheim Nigel Mansell Williams-Renault
81%
1992 Hockenheim Nigel Mansell Williams-Renault
81%
1981 Hockenheim Nelson Piquet Brabham-Ford
79%
1986 Hockenheim Nelson Piquet Williams-Honda
79%
1987 Hockenheim Nelson Piquet Williams-Honda
79%
2000 Hockenheim Rubens Barrichello Ferrari
79%
1976 Nürburgring James Hunt McLaren-Ford
78%
1968 Nürburgring Jackie Stewart Matra-Ford
74%
1971 Nürburgring Jackie Stewart Tyrrell-Ford
74%
1973 Nürburgring Jackie Stewart Tyrrell-Ford
74%
1965 Nürburgring Jim Clark Lotus-Climax
74%
1953 Nürburgring Giuseppe Farina Ferrari
71%
1966 Nürburgring Jack Brabham Brabham-Repco
68%
2003 Hockenheim Juan Pablo Montoya Williams-BMW
64%
1999 Hockenheim Eddie Irvine Ferrari
61%
1978 Hockenheim Mario Andretti Lotus-Ford
61%
1979 Hockenheim Alan Jones Williams-Ford
60%
1967 Nürburgring Denny Hulme Brabham-Repco
55%
1963 Nürburgring John Surtees Ferrari
55%
1964 Nürburgring John Surtees Ferrari
55%
1970 Hockenheim Jochen Rindt Lotus-Ford
53%
1994 Hockenheim Gerhard Berger Ferrari
52%
1997 Hockenheim Gerhard Berger Benetton-Renault
52%
1961 Nürburgring Stirling Moss Lotus-Climax
50%
1983 Hockenheim René Arnoux Ferrari
47%
1980 Hockenheim Jacques Laffite Ligier-Ford
45%
1969 Nürburgring Jacky Ickx Brabham-Ford
42%
1972 Nürburgring Jacky Ickx Ferrari
42%
1974 Nürburgring Clay Regazzoni Ferrari
40%
1975 Nürburgring Carlos Reutemann Brabham-Ford
36%
1985 Nürburgring Michele Alboreto Ferrari
36%
1982 Hockenheim Patrick Tambay Ferrari
33%
1958 Nürburgring Tony Brooks Vanwall
33%
1959 AVUS Tony Brooks Ferrari
33%
Aucun quiz correspondant
Distribution des résultats
% des personnes avec chaque résultat
Percentile par nombre de réponses
Votre historique - résultats
Vous n’avez pas pris ce quiz depuis la dernière actualisation